000 00367nam a2200121Ia 4500
008 171212s9999 xx 000 0 und d
020 _a9780913738481
100 _aCuch, Forrest
245 _cCuch, Forrest
_aHistory Of Utah's American Indians
260 _bUniversity Press of Colorado
_c2000
650 _aHistory
856 _uhttp://www.jstor.org/stable/j.ctt46nwms
999 _c353087
_d353087